Science for children with learning difficulties

Bibliographic Details
Format: Book
Published: London : Simon & Schuster , 1983
Subjects:

MARC

LEADER 00000cam a2200000 7i4500
001 0000004509
002 000004860
005 20000330.0
020 |a 0750100281 
090 0 0 |a 371.9   |b SCI 
245 0 0 |a Science for children with learning difficulties   |c by Doug Kincaid,Helen Rapson and Roy Richards 
260 |a London :   |b Simon & Schuster ,   |c 1983 
300 |a 128p. :   |b ill. ;   |c 30cm. 
650 0 0 |a Learning disabled children 
999 |a 034591   |b BUKU   |c PINJAMAN   |e PERPUSTAKAAN KOMUNITI PETALING JAYA